Power System Protection / (Record no. 176946)
[ view plain ]
| 000 -LEADER | |
|---|---|
| fixed length control field | 01135 a2200241 4500 |
| 003 - CONTROL NUMBER IDENTIFIER | |
| control field | Nust |
| 005 - DATE AND TIME OF LATEST TRANSACTION | |
| control field | 20220803101205.0 |
| 010 ## - LIBRARY OF CONGRESS CONTROL NUMBER | |
| LC control number | 98028659 |
| 020 ## - INTERNATIONAL STANDARD BOOK NUMBER | |
| International Standard Book Number | 0780334272 |
| 040 ## - CATALOGING SOURCE | |
| Transcribing agency | Nust |
| 082 00 - DEWEY DECIMAL CLASSIFICATION NUMBER | |
| Classification number | 621.317,AND |
| 100 1# - MAIN ENTRY--PERSONAL NAME | |
| Personal name | Anderson, P. M. |
| 9 (RLIN) | 96378 |
| 245 10 - TITLE STATEMENT | |
| Title | Power System Protection / |
| Statement of responsibility, etc. | P.M. Anderson. |
| 260 ## - PUBLICATION, DISTRIBUTION, ETC. | |
| Place of publication, distribution, etc. | New York : |
| Name of publisher, distributor, etc. | McGraw-Hill : |
| -- | IEEE Press, |
| Date of publication, distribution, etc. | c1999. |
| 300 ## - PHYSICAL DESCRIPTION | |
| Extent | xxviii, 1307 p. : |
| Other physical details | ill. ; |
| Dimensions | cm. |
| 440 #0 - SERIES STATEMENT/ADDED ENTRY--TITLE | |
| Title | IEEE Press power engineering series |
| 9 (RLIN) | 96379 |
| 505 ## - FORMATTED CONTENTS NOTE | |
| Formatted contents note | Part-1: Protective Devices and Controls (Page-1), Part-2: Protection Concepts (Page-199), Part-3: Transmission Protection (Page-377), Part-4: Apparatus protection (Page-643), Part-5: System Aspects of Protection (Page-805), Part-6: Reliability of Protective Systems (Page-1001). |
| 650 #0 - SUBJECT ADDED ENTRY--TOPICAL TERM | |
| Topical term or geographic name entry element | Telecommunication Engineering. |
| 856 42 - ELECTRONIC LOCATION AND ACCESS | |
| Materials specified | Contributor biographical information |
| Uniform Resource Identifier | <a href="http://www.loc.gov/catdir/bios/wiley043/98028659.html">http://www.loc.gov/catdir/bios/wiley043/98028659.html</a> |
| 856 42 - ELECTRONIC LOCATION AND ACCESS | |
| Materials specified | Publisher description |
| Uniform Resource Identifier | <a href="http://www.loc.gov/catdir/description/wiley036/98028659.html">http://www.loc.gov/catdir/description/wiley036/98028659.html</a> |
| 856 42 - ELECTRONIC LOCATION AND ACCESS | |
| Materials specified | Table of Contents |
| Uniform Resource Identifier | <a href="http://www.loc.gov/catdir/toc/onix07/98028659.html">http://www.loc.gov/catdir/toc/onix07/98028659.html</a> |
| 942 ## - ADDED ENTRY ELEMENTS (KOHA) | |
| Koha item type | Reference |
| Source of classification or shelving scheme | |
| Withdrawn status | Lost status | Source of classification or shelving scheme | Damaged status | Not for loan | Permanent Location | Current Location | Shelving location | Date acquired | Full call number | Barcode | Date last seen | Price effective from | Koha item type | Public note |
|---|---|---|---|---|---|---|---|---|---|---|---|---|---|---|
| Military College of Signals (MCS) | Military College of Signals (MCS) | Reference | 12/12/2016 | 621.317,AND | MCS27318 | 12/08/2016 | 12/12/2016 | Reference | Almirah No.20, Shelf No.3 |
